Arte de proyectar en arquitectura: generalidades, normas, directrices sobre disposición, construcción, diseño, superficies requeridas, relaciones espaciales, medidas para edificios, espacios, instalaciones, aparatos con el ser humano como medida y fin
Uloženo v:
| Hlavní autor: | |
|---|---|
| Médium: | Kniha |
| Jazyk: | španělština |
| Vydáno: |
Barcelona
Gustavo Gili SL
2014
|
| Vydání: | 16a. ed |
| Témata: | |
| Tagy: |
Přidat tag
Žádné tagy, Buďte první, kdo vytvoří štítek k tomuto záznamu!
|
MARC
| LEADER | 00000cam a2200000 a 4500 | ||
|---|---|---|---|
| 001 | UCE8699 | ||
| 003 | CL-VaPUC | ||
| 008 | 150827e20140000sp |||||||||||||||||spa|d | ||
| 020 | |a 9788425224744 | ||
| 082 | 0 | 4 | |a 690.02 |b NEU |2 21 |
| 100 | |a Neufert, Ernst |e autor |9 303124 | ||
| 245 | 1 | 0 | |a Arte de proyectar en arquitectura: generalidades, normas, directrices sobre disposición, construcción, diseño, superficies requeridas, relaciones espaciales, medidas para edificios, espacios, instalaciones, aparatos con el ser humano como medida y fin |
| 250 | |a 16a. ed | ||
| 300 | |a 568 p | ||
| 942 | |c BK | ||
| 945 | |d 20150827 16:13:00 |a dcastane | ||
| 260 | |a Barcelona |b Gustavo Gili SL |c 2014 | ||
| 650 | 0 | |a Construcción |9 260195 | |
| 650 | 0 | |a Arquitectura |9 804558 | |
| 650 | 7 | |a DISEÑO Y PLANOS |2 CL-VaPUC |9 268193 | |
| 650 | 7 | |a NORMAS |2 CL-VaPUC |9 259606 | |
| 583 | |a last modification |c 20150827 16:13:00 |k Rodrigo Vera | ||
| 999 | |c 360485 |d 360483 | ||
| 952 | |0 0 |1 0 |3 erb |4 0 |6 690_020000000000000_NEU_2014 |7 0 |8 F |9 470320 |a BIBARQ |b BIBARQ |i 5195993 |l 18 |o 690.02 NEU 2014 |p 5195993 |r 2025-04-02 |s 2025-04-02 |w 2019-11-23 |y BK_F |z Catalogado en:20150827 |k ARQ | ||